Top 50 Streamers en Español - Estadísticas

Estadísticas generales
  • Esta prueba ha sido intentada 302 veces
    139 desde el último reinicio
  • La puntuación promedio es 15 de 50
Estadísticas de respuestas
País Streamer % Correcto
España ibai
95%
España auronplay
91%
España Rubius
90%
Colombia juansguarnizo
73%
España TheGrefg
65%
México AriGameplays
61%
España IlloJuan
57%
Argentina ElSpreen
56%
México rivers_gg
53%
México ElMariana
51%
España elxokas
51%
Argentina coscu
46%
España VEGETTA777
44%
Chile GermanGarmendia
40%
Argentina Carreraaa
35%
España IamCristinini
33%
Argentina Robleis
33%
Argentina davooxeneize
32%
España Alexby11
31%
México elded
31%
España aXoZer
27%
España Perxitaa
25%
España Ampeterby7
24%
España Luzu
24%
España biyin_
23%
España bysTaXx
23%
España aroyitt
20%
Argentina SLAKUN10
20%
Cuba Staryuuki
20%
México QuackityToo
19%
Francia Shadoune666
18%
Uruguay BarcaGamer
16%
España LOLITOFDEZ
16%
España Vicens
16%
España Reborn
15%
México Roier
14%
Argentina NimuVT
13%
México aldo_geo
11%
España thedanirep
11%
España xCry
11%
México MissaSinfonia
9%
España kingsleague
8%
España BENIJU03
6%
Argentina LITkillah
6%
México RobertoCein
6%
México Jelty
3%
Argentina MarkitoNavaja
3%
Guatemala natalan
3%
Argentina k1ng
2%
México ZilverK
1%
No se encontraron pruebas coincidentes
Distribución de puntuación
Porcentaje de gente con cada puntuación
Porcentaje por número respondido
Historial de tus puntuaciones
No has intentado esta prueba desde el último reinicio